Üdvözlet Privigyéről Erzsébet-tér

Zobrazenie: Pohľad na Alžbetino námestie s domami v pozadí, ľuďmi a konskými povozmi. Popred budovy rastú listnaté stromy

Bibliographic Details
Format: Postcard
Language:Hungarian
PhysicalDescription:1 pohľadnica kolorovaná 14 x 9 cm
Published: [Privigye?] Gubits B. [1910?]
Subjects:

MARC

LEADER 00000ckm a2200000 a 4500
001 vtls011620951
003 SK-MaSNL
005 20260512122332.0
007 kp ho
008 230706q1910 xo g kuhun
015 |a SNBG1910 
035 |a urn:nbn:sk:snk-km00du8u 
035 |a urn:nbn:sk:snk-km3ltsz 
035 |a AF23EF79-DBCC-44EE-BBF6-EFA25D1709E6 
040 |a SNK  |b slo  |c SNK  |e AACR2 
041 0 |a hun 
043 |a e-xo--- 
044 |a xo  |c SK 
072 7 |a 913  |x Regionálna geografia  |2 konspekt 
080 |a 913(437.613.755)  |2 2001 
080 |a 711.61  |2 2011 
080 |a 913(437.6)  |2 2011 
080 |a 94(084.121)  |2 2011 
245 0 0 |a Üdvözlet Privigyéről  |h grafika  |b Erzsébet-tér 
260 |a [Privigye?]  |b Gubits B.  |c [1910?] 
300 |a 1 pohľadnica  |b kolorovaná  |c 14 x 9 cm 
500 |a Názvové údaje prevzaté z obrazovej časti pohľadnice 
520 8 |a Zobrazenie: Pohľad na Alžbetino námestie s domami v pozadí, ľuďmi a konskými povozmi. Popred budovy rastú listnaté stromy 
650 0 7 |a námestia  |2 SNKPH  |9 26291 
651 7 |a Prievidza (Slovensko)  |2 SNKPHgeo  |9 25558 
655 7 |a miestne pohľadnice  |2 SNKPH  |9 70510 
655 7 |a historické pohľadnice  |2 SNKPH  |9 159703 
752 |a Slovensko  |d Prievidza 
852 |a Slovenská národná knižnica 
958 |a GBN 
958 |a GC 
958 |a ONDV 
999 |c 600076  |d 602006 
952 |a SNK  |b SNK  |y PREZ  |7 0  |p 17A1223214  |o snkSP 20215  |z Pohľadnica prešla poštou.  |0 0  |1 0  |4 0  |d 2017-03-29  |f 1  |l 0  |r 2026-02-23 15:51:42  |w 2026-02-23